[Event "Carlos Torre Wimbledon 16th"]
[Site "Merida"]
[Date "2003.12.17"]
[Round "1.5"]
[White "Quesada Perez, Yuniesky"]
[Black "Luther, Thomas"]
[Result "1-0"]
[WhiteElo "2475"]
[BlackElo "2580"]
[Annotator "Finkel,A"]
[PlyCount "69"]
[EventDate "2003.12.17"]
[EventType "k.o."]
[EventRounds "4"]
[EventCountry "MEX"]
[SourceTitle "CBM 099"]
[Source "ChessBase"]
[SourceDate "2004.03.30"]
[SourceVersion "1"]
[SourceVersionDate "2004.03.30"]
[SourceQuality "1"]

1. e4 Nf6 2. e5 Nd5 3. d4 d6 4. Nf3 dxe5 5. Nxe5 c6 {This move is a pet line
of the German grandmaster. It's quite a solid variation promising black good
chances to equalize.} 6. Bc4 Nd7 (6... Be6 7. Nd2 Nd7 8. Ndf3 Nxe5 9. Nxe5 g6
10. Bb3 Bg7 11. O-O O-O 12. Re1 $14 {Dominguez,L-Loeffler,S/Lisbon 1999}) 7.
Nf3 (7. Nxd7 Bxd7 8. O-O Bf5 9. Bg5 Qd6 10. Bb3 e6 11. Nd2 Be7 12. Nc4 Qc7 13.
Bxe7 Nxe7 14. Qe2 $14 {Werner,M-Burkart,P/Germany 1993/GER-chT}) 7... e6 (7...
N7b6 8. Bb3 Bg4 9. Nbd2 e6 10. O-O Be7 11. h3 Bh5 12. c3 O-O 13. Ne4 Bg6 14.
Qe2 Nd7 $13 {Van der Weide,K-Miles,A/Saint Vincent 2000}) (7... N7f6 8. h3 Bf5
9. O-O h6 10. Bd3 Bxd3 11. Qxd3 e6 12. c4 Nb6 13. Bf4 Be7 14. Nc3 O-O 15. Rad1
$14 {Godena,M-Burkart,P/Eupen 1994}) 8. O-O Be7 (8... b5 9. Bd3 (9. Bb3 Bb7 10.
Nbd2 c5 11. c3 Be7 12. Ne4 O-O 13. Re1 a6 14. Bc2 N5f6 15. Ng3 cxd4 16. Nxd4
Nc5 $132 {Hernandez Guerrero,G-Luther,T/Dos Hermanas 2003}) 9... Bb7 10. Re1 (
10. a4 a6 11. Re1 Be7 12. Nbd2 Qb6 13. c4 bxc4 14. Nxc4 Qc7 15. Bg5 c5 16. Rc1
O-O 17. Bxe7 Nxe7 18. Nce5 $16 {Iordachescu,V-Wohl,A/Vins du Medoc 2002}) 10...
Be7 11. Nbd2 O-O 12. Ne4 a6 13. Bg5 (13. c3 c5 14. dxc5 Nxc5 15. Nxc5 Bxc5 16.
Qe2 Qc7 $13 {Murdzia,P-Luther,T/Cappelle la Grande 2003}) 13... Bxg5 14. Nfxg5
h6 15. Nf3 c5 $11 {Lutz,C-Luther,T/Essen 2002}) 9. Nbd2 {It's obvious that the
white bishop should be on d3 and not on b3 as was tried in the following game:}
(9. Bb3 b5 10. a4 b4 11. c4 bxc3 12. bxc3 O-O 13. Re1 a5 14. Ba3 Ba6 15. Qc2
Bxa3 16. Nxa3 Qc7 $13 {Bologan,V-Conquest,S/Santo Domingo 2002}) 9... O-O 10.
Ne4 b5 11. Bd3 Bb7 12. c3 a6 13. a4 bxa4 {Sooner or later this move is to be
played so it seems.} 14. Rxa4 c5 15. dxc5 Nxc5 (15... f5 $6 16. Nd4 $1 (16. Nd6
Bc6 17. Rd4 Nxc5 18. Nxf5 Bf6 19. Bc4 Bxd4 20. N5xd4 $14) 16... fxe4 17. c6
exd3 18. cxb7 Rb8 19. Nxe6 Qb6 20. Nxf8 Nxf8 21. Qxd3 $16) 16. Nxc5 Bxc5 17.
Rh4 $1 $36 {[%csl Rg8] A great move! The white rook is a very important
attacker.} h6 (17... Nf6) 18. Rh3 f5 $6 {[%csl Rg6] Weakening the square g6
proves to be a serious mistake, however white's initiative is quite unpleasent
anyway.} (18... a5 19. Ne5 Qc7 20. Re1 Rfd8 21. Rg3 $40) (18... Qc7 19. Qa4
Rfd8 20. Bc2 $36) 19. Qe2 Qf6 20. Ne5 Rad8 21. Rg3 {Heading for g6.} Bd6 (21...
Ne7 22. b4 Bd6 23. f4 $16) (21... g5 $5) 22. f4 Bxe5 23. fxe5 Qh4 24. Rg6 $5 (
24. Qe1 {[%cal Gg3g7]} g5 25. Qe2 $18 {[%cal Gg3h3]}) 24... Kf7 25. Rg4 $1 Qe7
26. Rg3 $1 $18 {[%cal Ge2h5]} Ke8 27. Kh1 a5 $6 28. Bb5+ Kf7 29. Qh5+ Kg8 30.
Bxh6 Rf7 31. Bg5 Qc5 32. Rh3 Rff8 33. Be2 Nxc3 34. Qh7+ Kf7 35. Bh5# 1-0

[Event "Guillermo Garcia Memorial-B 08th"]
[Site "Santa Clara"]
[Date "2000.05.24"]
[Round "1"]
[White "Del Rio de Angelis, Salvador Gabriel"]
[Black "Soppe, Guillermo"]
[Result "0-1"]
[WhiteElo "2463"]
[BlackElo "2466"]
[Annotator "Finkel,A"]
[PlyCount "84"]
[EventDate "2000.05.24"]
[EventType "tourn"]
[EventRounds "14"]
[EventCountry "CUB"]
[EventCategory "9"]
[SourceTitle "CBM 078"]
[Source "ChessBase"]
[SourceDate "2000.10.18"]
[SourceVersion "1"]
[SourceVersionDate "2000.10.18"]
[SourceQuality "1"]

1. e4 Nf6 2. e5 Nd5 3. d4 d6 4. Nf3 dxe5 5. Nxe5 g6 6. Bc4 (6. Qf3 Be6 7. c4
Nb4 8. Qxb7 Nc2+ 9. Kd1 Nxa1 10. Qxa8 Bg7 11. Bd2 O-O 12. Nd3 Qxd4 13. Nc3 $13)
(6. c4 Nf6 7. Be2 Bg7 8. Nc3 O-O 9. Bf4 $14) 6... c6 (6... Be6 7. O-O Bg7 8.
Re1 O-O 9. Nd2 Nd7 10. Nef3 $1 {[+]} N7f6 11. Bf1 {/\c4,b3 +/=
Unzicker-Williams, Buenos Aires (ol) 1978}) 7. O-O (7. Qf3 Be6 8. Nc3 Bg7 9.
O-O O-O 10. Ne4 Nd7 11. Nxd7 Bxd7 12. Rd1 $14) 7... Bg7 8. Bb3 (8. Qe2 $5) 8...
O-O 9. Re1 Be6 10. h3 (10. c3 Nd7 11. Nf3 (11. Nd3 Bf5 12. Bg5 Re8 $10) 11...
Bg4 (11... Nc7 12. Bxe6 Nxe6 13. Qb3 Qb6 14. Qc4 c5 15. d5 Nc7 16. Rxe7 Qd6 17.
Re1 Qxd5 18. Na3 $14 {Tseshkowsky-Kengis, USSR 1979}) 12. h3 Bxf3 13. Qxf3 e6
14. Nd2 b5 15. Ne4 a5 16. a4 Qb6 17. Nd6 $14 {Wahls,M-Maus,S/Hamburg SKA 1991})
10... Nd7 11. Nf3 Nc7 12. Nc3 $6 {With this move white hardly can hope to get
an opening advantage;black gets rid of his lightsquared bishop,which is his
main problem in this type of structure,and has very comfortable position.
Better is} (12. c4 $5 b5 $6 13. d5 cxd5 14. cxd5 Bf5 15. Nd4 $16 {Markovic,
I-Pajkovic,V/JUG-chT 1997}) (12. c3 Bd5 (12... a5 13. a4 Nb6 14. Nbd2 Bd5 15.
Nf1 Ne6 16. Ng5 Nxg5 17. Bxg5 Re8 18. Ne3 $14 {Gabrielsen,S-Kovacs,G/EU-chJM
U20 1996}) 13. Nbd2 (13. Bg5 Ne6 14. Be3 b5 $5 15. Bxd5 cxd5 16. Qb3 Nc7 17.
Bf4 e6 18. Bxc7 Qxc7 19. Qxb5 Rab8 20. Qe2 Qb6 $44 {Polgar,S-Kengis,E/Vienna
op 1991}) 13... c5 14. Bxd5 Nxd5 15. Qb3 N5b6 16. d5 Nf6 17. c4 $14 {Vratonjic,
S-Milenkovic,J/JUG-chT 1993}) 12... Bxb3 13. axb3 Ne6 $11 14. Ne4 ({Nothing
promises also} 14. d5 cxd5 15. Nxd5 Nf6 16. Nxf6+ Bxf6 17. c3 a6 $11) 14... Nb6
15. c3 Nd5 16. c4 $6 {[%csl Rd4] This move is serious positional mistake,which
eventually costs white a game:now white pawn on d4 becomes serious weakness.} (
16. Qe2 $11) 16... Ndc7 17. Be3 (17. Nc5 Nxc5 18. dxc5 Ne6 19. b4 Qxd1 20. Rxd1
Rfd8 $15 {[%cal Ga7a6,Gg8f8,Ge6d4]}) 17... f5 18. Neg5 f4 19. Bd2 $6 ({Better
was} 19. Nxe6 Nxe6 20. Bd2 Nxd4 21. Bc3 c5 22. Re4 Qd6 $15 {and white has more
defensive resourses than in the game.}) 19... Nxg5 20. Nxg5 e5 {[%cal Gd8g5,
Ge5d4]} 21. Nf3 exd4 $17 22. Re4 Qd6 23. b4 a6 24. Qc1 {[%csl Rf4][%cal Gc4c5]}
Ne6 25. Qe1 (25. Qf1 $5 d3 (25... Rae8 26. Rae1 d3 27. b3 Qd7 28. Ne5 Bxe5 29.
Rxe5 f3 $1 30. g3 $1 $132 (30. R5e3 Nf4 31. Rxe8 fxg2 $19)) 26. Rae1 Rae8 27.
Ng5 Nc7 28. Bxf4 Rxf4 29. Rxe8+ Nxe8 30. Rxe8+ Rf8 $17) 25... Rae8 26. Rd1 Nc7
27. Bc1 $6 {Once again white choses not the most persistant continuation.} (27.
Bxf4 $2 Qxf4 $1 28. Rxf4 Rxe1+ 29. Rxe1 Rxf4 $19) (27. Bc3 Rxe4 28. Qxe4 Re8 (
28... Qe6 29. Rxd4 $1 Bxd4 30. Qxd4 $18 {[%csl Rg8]}) 29. Qd3 Ne6 $17) 27...
Rxe4 28. Qxe4 Qxb4 29. Bxf4 Re8 30. Qc2 Ne6 31. Re1 Qf8 $1 32. Bd2 (32. Be5 Ng5
$5 33. Nxg5 Bxe5 34. Nf3 Bg7 35. Rxe8 Qxe8 36. Qd3 c5 $17) 32... Nc5 33. b4 (
33. Bb4 Rxe1+ 34. Nxe1 Qe8 35. Nd3 Nxd3 36. Qxd3 Qe5 $17) 33... Rxe1+ 34. Nxe1
Ne6 35. Nd3 Qf5 36. Qb3 h5 37. b5 Kh7 38. bxa6 bxa6 39. Nb4 $2 {The final
mistake.} (39. Kf1 $17 {[%cal Gf2f3,Gf1e2]}) 39... Nc5 $19 40. Qa3 (40. Qa2 Nd3
$1 41. Nxd3 Qxd3 $19) 40... Ne4 41. Be1 Nc3 $1 42. Qb3 (42. Nxc6 Qe4 43. Bxc3
dxc3 44. Nb4 Qe1+ 45. Kh2 Be5+ $19) 42... c5 $1 (42... c5 43. Nxa6 Qe6 44. Bxc3
dxc3 45. Nxc5 Qe1+ 46. Kh2 Be5+ $19) 0-1

[Event "Sigeman & Co 10th"]
[Site "Malmo"]
[Date "2002.06.12"]
[Round "7"]
[White "Stefansson, Hannes"]
[Black "Luther, Thomas"]
[Result "1/2-1/2"]
[WhiteElo "2598"]
[BlackElo "2566"]
[Annotator "Finkel,A"]
[PlyCount "89"]
[EventDate "2002.06.06"]
[EventType "tourn"]
[EventRounds "9"]
[EventCountry "SWE"]
[EventCategory "13"]
[SourceTitle "CBM 090"]
[Source "ChessBase"]
[SourceDate "2002.09.20"]
[SourceVersion "1"]
[SourceVersionDate "2002.09.20"]
[SourceQuality "1"]

1. e4 Nf6 2. e5 Nd5 3. d4 d6 4. Nf3 dxe5 5. Nxe5 c6 6. Bc4 Bf5 (6... Nd7 7.
Nxd7 Bxd7 8. O-O Bf5 9. c3 e6 10. Qe2 Bd6 11. Nd2 O-O {1/2-1/2 Kobalija,
M-Miles,A/Varadero 2000/CBM 77 (11)}) (6... Be6 7. Nd2 (7. Bb3 Nd7 8. Nf3 Bg4
9. O-O e6 10. h3 Bh5 11. Re1 Bd6 $11 {Coimbra,M-Loeffler,S/Lisbon 1999}) 7...
Nd7 8. Ndf3 Nxe5 9. Nxe5 g6 10. Bb3 Bg7 11. O-O O-O 12. Re1 $14 {Dominguez,
L-Loeffler,S/Lisbon 1999}) 7. Nd2 (7. O-O Nd7 8. Nd3 e6 9. Nd2 N7b6 10. Qf3 Bd6
11. Re1 Qh4 12. h3 O-O-O $15 {Gabrielsen,S-Storland,K/Stavanger 1997}) 7... Nd7
8. Ndf3 Nxe5 9. Nxe5 e6 10. O-O {White can hardly hope for opening advantage
if he doesn't play g4:} (10. g4 $5 Bg6 11. h4 Bb4+ 12. Bd2 Be4 13. Rh2 (13. f3
Ne3 $1 $19 {[%csl Rc2]}) 13... f6 14. Qe2 Bxd2+ 15. Kxd2 fxe5 16. Qxe4 $14 {
with very comlicated struggle in which white's chances are preferrable.}) 10...
Bd6 11. Re1 O-O 12. c3 Qc7 13. Qe2 Rad8 14. a3 $6 {Useless move.} (14. g4 Bxe5
15. dxe5 Bg6 16. Bg5 (16. h4 Nb6 $1 $132) 16... Rd7 17. Rad1 b5 18. Bb3 h6 19.
Bh4 a5 $13) 14... Rfe8 15. a4 c5 16. Nf3 Be7 {An attempt to win the pawn on h2
would lead to hard consequances for black} (16... Bg4 $6 17. Bxd5 $1 Bxh2+ 18.
Kh1 Rxd5 19. Qb5 $1 {[%csl Re8,Rh2]} Rc8 20. Nxh2 cxd4 21. Qf1 Rh5 22. Qg1 $14)
17. Bd2 Bf6 18. Ne5 a6 {[%cal Gd5e7]} 19. a5 h6 (19... Ne7 $5 20. Nxf7 Kxf7 21.
g4 cxd4 22. gxf5 Nxf5 23. Bxe6+ Kf8 $13) 20. Bb3 Ne7 21. g4 (21. Nxf7 $6 Kxf7
22. g4 c4 $1 23. Ba4 (23. Bxc4 $2 Bxg4 $1 $19 {[%csl Rc4]}) 23... Bg6 24. Qxe6+
Kf8 25. Bxe8 Rxe8 $15 26. Bxh6 $140 $2 Ng8 $1 $19) 21... Bg6 (21... Bh7 $2 22.
Nxf7 $1 $18 {[%csl Re6]}) 22. Ba4 Rf8 23. Bf4 Nd5 $1 24. Bg3 (24. Nxg6 $2 Nxf4
25. Nxf4 Qxf4 $17) 24... Bxe5 25. Qxe5 Qxa5 $1 26. Bc2 (26. Bh4 Ra8 27. Bd7 Qb6
28. c4 Nb4 29. dxc5 Qa7 $15 {[%cal Gb4c2,Gb4d3]}) 26... Qb5 27. Bxg6 fxg6 28.
dxc5 Qxc5 29. Qxe6+ Kh7 30. Qe4 Rd7 $5 {[%cal Gd5f6] Preparing to bring the
knight to f6.} (30... Nf6 $6 31. Qxb7 Nxg4 32. Re7 Rg8 33. Re2 $14) 31. Rad1
Rfd8 32. Qf3 Rf8 33. Qe4 b5 $2 {Blundering the pawn after Qe6} (33... Rfd8 $5
$11) 34. Rf1 $2 (34. Qe6 $1 $16 {[%csl Ra6]}) 34... a5 35. Rd4 Nf6 36. Qe5 Qc6
37. Rxd7 Qxd7 38. Qd6 Qc8 (38... Qxd6 39. Bxd6 Rd8 40. Be7 Rd2 41. Bxf6 gxf6
42. Ra1 a4 43. c4 $1 $11) 39. Re1 $2 (39. f3 $13) 39... Qa8 $2 (39... Nxg4 40.
Qb6 Qf5 $17) 40. Qc5 Rd8 41. Be5 Nd7 $11 {After mutual mistakes in the
time-trouble the game finaly transforms into equal endgame.} (41... Nxg4 42.
Bxg7 Kxg7 43. Qe7+ Kh8 44. h3 Qc8 45. Re4 $13 {[%csl Rg4]}) 42. Qxb5 Nxe5 43.
Qxe5 Rd2 44. Qe4 Qxe4 45. Rxe4 1/2-1/2

[Event "Madrid Magistral 6th"]
[Site "Madrid"]
[Date "1997.05.29"]
[Round "7"]
[White "Polgar, Judit"]
[Black "Akopian, Vladimir Eduardovic"]
[Result "1/2-1/2"]
[WhiteElo "2645"]
[BlackElo "2655"]
[Annotator "Finkel,A"]
[PlyCount "57"]
[EventDate "1997.06.??"]
[EventType "tourn"]
[EventRounds "9"]
[EventCountry "ESP"]
[EventCategory "17"]
[SourceTitle "CBM 059"]
[Source "ChessBase"]
[SourceDate "1997.08.01"]
[SourceVersion "1"]
[SourceVersionDate "1997.08.01"]
[SourceQuality "1"]

1. e4 Nf6 2. e5 Nd5 3. d4 d6 4. Nf3 g6 5. Bc4 c6 6. O-O Bg7 7. Re1 O-O 8. Nc3
dxe5 $5 (8... Nxc3 9. bxc3 Bg4 10. exd6 $5 (10. Bf4 d5 11. Be2 (11. Bd3 $5 Nd7
12. h3 Bxf3 13. Qxf3 Qa5 14. c4 dxc4 15. Bxc4 Nb6 16. Bb3 Rad8 17. Rad1 $2 (17.
c3 Nd5 18. Bd2 e6 19. Rad1 $14) 17... Rxd4 $1 18. Rxd4 Qxe1+ $17 {Vavrak
Peter-Kasrashvili Alexandre/Ch World cadets unde 1993 (33)}) 11... Bxf3 12.
Bxf3 Nd7 13. Qd2 e6 14. Bh6 c5 15. c4 $5 dxc4 16. Bxb7 Rb8 17. Bxg7 Kxg7 $13 {
Dabrowska K-Wielecki Z/It open, 1992 (51)}) 10... Qxd6 11. a4 Qc7 12. Ba3 Bf6
13. h3 Bxf3 14. Qxf3 $14 {Wong Zi Jing-Kasrashvili Alexandre/Ch World cadets
unde 1993 (101)}) (8... Nb6 $6 9. Bb3 d5 10. Ne2 Na6 11. a4 $6 (11. h3 $5 $14)
(11. c3 $5 $14) 11... Bg4 12. Nf4 e6 13. h3 Bxf3 14. Qxf3 c5 15. c3 cxd4 16.
cxd4 Rc8 $132 {Wagner,D-Reissmann,W/Hessenliga 1995 (36)}) 9. Nxe5 Be6 {
Deserved attention} (9... Nxc3 $5 10. bxc3 Nd7 11. Ng4 (11. Bf4 Nxe5 12. Bxe5
Bxe5 13. Rxe5 Qc7 14. Qf3 b6 $11) 11... Nb6 12. Bb3 Nd5 13. Nh6+ Kh8 14. Qf3
Be6 {with unclear position.}) 10. Ne4 Nc7 11. Bb3 (11. Bf1 $5) 11... Bxb3 12.
axb3 Ne6 13. c3 Nd7 $11 {White still has some advantage in space,but the
possibility to break the center with c5 or queenside with a5(if white plays b4)
makes black's chances not worse.} 14. Nxd7 (14. Nd3 Nf6 15. Nxf6+ Bxf6 16. Bh6
Re8 17. Qf3 Qb6 $11) 14... Qxd7 15. b4 Rfd8 16. Qf3 Qc7 {Intending to play a5
after which the position will become compleatly equal.} 17. Ra5 b6 18. Ra6 Qb7
19. Ra1 Rd5 $1 {Now white can do nothing to prevent a5.} 20. h4 a5 21. bxa5
Rdxa5 22. Rxa5 Rxa5 23. b4 Rf5 24. Qd3 Rd5 25. Qf3 Rf5 26. Qe2 h5 27. Qa2 c5
28. bxc5 bxc5 29. Ng5 1/2-1/2

[Event "Nagykanizsa 1st"]
[Site "Nagykanizsa"]
[Date "2003.11.11"]
[Round "7"]
[White "Nevednichy, Vladislav"]
[Black "Varga, Zoltan"]
[Result "1/2-1/2"]
[WhiteElo "2575"]
[BlackElo "2558"]
[Annotator "Finkel,A"]
[PlyCount "77"]
[EventDate "2003.11.05"]
[EventType "tourn"]
[EventRounds "11"]
[EventCountry "HUN"]
[EventCategory "11"]
[SourceTitle "CBM 099"]
[Source "ChessBase"]
[SourceDate "2004.03.30"]
[SourceVersion "1"]
[SourceVersionDate "2004.03.30"]
[SourceQuality "1"]

1. e4 Nf6 2. e5 Nd5 3. d4 d6 4. Nf3 c6 {The Hungarian grandmaster is one of
few players who use the Alekhine defence on a permanent basis!} 5. c4 Nc7 6. h3
dxe5 7. Nxe5 g6 8. Nc3 Bg7 9. Nf3 $6 {More dangerous for black was} (9. Be3 O-O
10. Qf3 Ne6 (10... Nd7 11. O-O-O Nxe5 12. dxe5 Qe8 13. Qg3 Bf5 14. Bd3 Qc8 15.
f4 $14 {David,A-Golubovic,B/Bled 1996}) 11. O-O-O Qa5 12. Qg3 Nd7 13. f4 Nxe5
14. fxe5 Bd7 15. h4 $36 {David,A-Lukasiewicz,G/Cannes 1996}) 9... c5 (9... O-O
10. Be3 (10. Be2 Nd7 11. Bf4 c5 12. d5 e5 13. Bg5 f6 14. Be3 Ne8 15. d6 Rf7 16.
Ne4 b6 17. Qd5 Rb8 $132 {Vlad,D-Grunberg,M/Calarasi 1995}) 10... b5 (10... Nd7
11. Qd2 e5 12. O-O-O exd4 13. Bxd4 Bxd4 14. Nxd4 Nc5 15. Be2 Qf6 16. Bg4 N7e6
$11 {Iordachescu,V-Grunberg,M/Herculane 1996}) 11. Qd2 Ba6 12. Bh6 bxc4 13.
Bxg7 Kxg7 14. Ne5 c5 $132 {Lehner,O-Kengis,E/Vienna 1994}) 10. d5 O-O 11. Bg5
f6 12. Be3 Nba6 13. Qd2 {Once again white deviates from the most critical
continuation.} (13. h4 $5 e6 (13... Bg4 14. Qb3) 14. h5 g5 15. h6 Bh8 16. Qb3
g4 17. Ng1 e5 18. O-O-O $14 {[%csl Gd5]}) 13... e5 14. O-O-O Ne8 15. Bh6 Nd6
$132 {After this move it becomes clear that black managed to solve his opening
problems.} 16. Bxg7 Kxg7 17. g4 e4 (17... Kg8 18. Qe3 (18. g5 $6 e4) 18... Re8
19. Nd2 f5 20. Rg1 $14) 18. Ne1 f5 19. f3 Qe7 20. fxe4 (20. gxf5 e3 21. Qe2
Bxf5 22. h4 Rae8 $13 {[%csl Ge3]}) 20... fxe4 21. Nc2 ({Nothing changes} 21.
Qe3 Bd7 22. Be2 Qh4 23. Ng2 Qf2 24. Rhg1 Qxe3+ 25. Nxe3 Kf6 26. g5+ Ke5 27. Bg4
Bf5 $13 {and black is doing fine.}) 21... Bd7 22. Ne3 Qe5 23. a3 Nc7 24. Be2 (
24. h4 a6 25. h5 g5 $132 {[%cal Gb7b5]}) 24... Rf2 (24... a6 25. Rhf1 b5 26.
Rxf8 Rxf8 27. Rf1 Rxf1+ 28. Bxf1 $11) 25. Rdf1 Raf8 26. Rxf2 Rxf2 27. Ncd1 Rf7
28. Qc3 Qxc3+ 29. Nxc3 Kf6 {Bringing the king to e5} 30. b4 b6 31. bxc5 bxc5
32. Kd2 Ke5 33. Rb1 Rf2 {[%csl Rh3]} 34. Rb8 Rh2 35. Rd8 Bc8 36. Na4 (36. Rxd6
Kxd6 37. Nxe4+ Ke5 38. Nxc5 Na6 39. Nd3+ Kd4 $15) 36... Na6 {Black doesn't
want to take any risks after} (36... Ba6 37. Nb2 (37. Nxc5 $2 Nxc4+ $19) 37...
Nxd5 (37... Rxh3 38. Rd7 Nce8 39. Rxa7 Bc8) 38. Nxd5 Bxc4 39. Nxc4+ Nxc4+ 40.
Ke1 Nxa3 41. Nc3 e3 $13) 37. Nc3 Nc7 38. Na4 Na6 39. Nc3 1/2-1/2

[Event "HUN-ch places"]
[Site "Balatonlelle"]
[Date "2002.06.??"]
[Round "1"]
[White "Acs, Peter"]
[Black "Horvath, Csaba"]
[Result "1/2-1/2"]
[WhiteElo "2529"]
[BlackElo "2539"]
[Annotator "Finkel,A"]
[PlyCount "119"]
[EventDate "2002.06.??"]
[EventType "match"]
[EventRounds "5"]
[EventCountry "HUN"]
[SourceTitle "CBM 090"]
[Source "ChessBase"]
[SourceDate "2002.09.20"]
[SourceVersion "1"]
[SourceVersionDate "2002.09.20"]
[SourceQuality "1"]

1. e4 {Hecht} Nf6 2. e5 Nd5 3. d4 d6 4. Nf3 dxe5 5. Nxe5 g6 6. Be2 Bg7 7. O-O
O-O 8. Bf3 (8. c4 Nb6 9. Bf4 N8d7 10. Nc3 Nxe5 11. Bxe5 Bxe5 12. dxe5 c6 13. f4
Be6 14. b3 Nd7 15. Na4 $14 {Tischbierek,R-Donchev,D/Zinnowitz 1982}) 8... c6 (
8... c5 9. dxc5 Nb4 10. Nd3 Nxd3 11. cxd3 Na6 12. Nc3 Nxc5 13. Be3 Nxd3 $15 {
Nguyen Anh Dung-Wohl,A/Genting 1995}) 9. Re1 (9. Nd2 Nd7 10. Ndc4 N7b6 11. c3
Be6 12. Qe2 Qc7 13. Re1 Nxc4 14. Nxc4 c5 15. dxc5 Qxc5 16. Ne5 Rad8 $13 {
Bohn,U-Jung,K/Germany 1995}) (9. Qe2 Be6 (9... Bf5 10. Rd1 Nd7 11. a3 Nxe5 12.
dxe5 Qc7 13. c4 Nb6 14. Bf4 $14 {Goloshchapov,A-Nataf,I/Rimavska Sobota 1992})
10. Rd1 Nd7 11. Nxd7 Qxd7 12. c4 Nb6 13. Na3 Rad8 14. Be3 f5 15. Bf4 Bf7 16. b3
Rfe8 17. Nc2 $14 {Meshkov,Y-Bagirov,V/Podolsk 1990}) 9... Bf5 10. c3 Nd7 11.
Nxd7 Qxd7 12. Na3 (12. Nd2 b5 13. Nb3 Qd6 14. Bg5 Rfe8 15. Bh4 $14) 12... b5
13. Nc2 Bxc2 14. Qxc2 {Arising position is quite typical for this variation,
since black always tries to trade his "bad" lightsquaered bishop for white
knight.} e6 15. Bg5 Rac8 16. Rad1 a5 (16... a6) 17. h4 h6 (17... h5) 18. Bc1 c5
19. dxc5 Rxc5 20. Qe2 Qc7 $6 {Losing a pawn, but getting good drawing chances
instead. More ambitious was} (20... Rfc8 $5 21. h5 g5 22. Be3 Rc4 23. Rd3 b4
$132) 21. Bxd5 exd5 22. Be3 Rc4 23. Rxd5 b4 (23... Rxh4 24. g3 Re4 25. Rxb5 $16
) 24. Bd4 bxc3 25. bxc3 Rc8 26. Qe3 ({Deserved attention cunning} 26. Qe7 $5
Bxd4 27. cxd4 Rc1 28. Qe3 Rxe1+ 29. Qxe1 Qf4 30. g3 Rc1 31. gxf4 Rxe1+ 32. Kg2
a4 33. Ra5 $16 {with good winning chances.}) 26... h5 27. Qg5 (27. Re5 $6 Bxe5
28. Bxe5 Qe7 29. Qh6 f6 30. Qxg6+ Qg7 31. Qxf6 Qxf6 32. Bxf6 Kf7 33. Bd4 Re8
$132 {[%csl Ra2]}) (27. g3 $5) 27... Bxd4 28. cxd4 Rc1 29. Rde5 (29. Rxc1 Qxc1+
30. Qxc1 Rxc1+ 31. Kh2 Rc2 32. Rxa5 Rxf2 $16) 29... Qc3 30. Rxc1 Qxc1+ 31. Qxc1
Rxc1+ 32. Kh2 a4 33. Rc5 Ra1 34. Rc2 Kf8 $6 {Permitting white to get serious
winning chances.} (34... Rd1 $1 35. Rc4 a3 36. Ra4 Rd2 37. Rxa3 Rxd4 38. g3 Kg7
39. Kg2 f6 $11) 35. Kg3 Ke7 36. Kf3 Kd6 37. Ke3 Rb1 (37... Kd5) 38. Rc4 a3 39.
Rc3 Re1+ 40. Kf3 (40. Kd2 $5 Re4 41. Rxa3 Rxh4 42. Ke3) 40... Rd1 41. Rxa3 $6 {
Returning the wrong pawn! It was necessary to play} (41. Ke3 Re1+ 42. Kd2 Re4
43. Rxa3) 41... Rxd4 {Now it's a theoretical draw.} 42. g3 Rd2 {Hecht: '[#]
Der Freibauer ist von vorn gedeckt bei 3-3 Bauern am Königsflügel'} 43. Ke3 Rb2
44. Ra7 Ke6 45. a4 f6 {Hecht: 'Leitet das typische Gegenspiel ein, um weiße
Bauernschwächen zu erzeugen, ermöglicht aber die Seitendeckung des
Randfreibauern.'} (45... Ra2 {(Hecht) war der sonst zu erwartende Standardzug.}
) 46. Rc7 Rb3+ 47. Kd2 Rf3 48. Ke2 Ra3 49. Rc4 g5 50. Kf1 ({Das scharfe Spiel
unter Aufgabe des Königsflügels scheint ebenfalls friedlich zu enden.} 50. Kd2
{Hecht} Rf3 51. a5 Rxf2+ 52. Kc3 Rf3+ 53. Kb4 Rxg3 54. a6 Rg1 55. Kb5 Rb1+ 56.
Rb4 Ra1 57. Ra4 Rb1+ 58. Ka5 Rb8 59. a7 Ra8 60. Kb6 gxh4 61. Kb7 Rg8 62. a8=Q
Rxa8 63. Rxa8 h3 $11) 50... Kf5 51. Kg2 Ra2 52. Rc5+ Kg4 53. hxg5 fxg5 54. a5
h4 55. Rc4+ Kf5 56. g4+ Ke5 57. Rc5+ Kf4 58. Rc4+ Ke5 59. Rc5+ Kf4 60. Rc4+
1/2-1/2